Statistiken für Borussia Mönchengladbach Kader 2021/22

Klicken Sie hier um das Quiz zu spielen!

Allgemein

  • Dieses Quiz wurde 158 mal gespielt
    (52 seit der letzten Aktualisierung)
  • Das Durchschnittsergebnis liegt bei 16 aus 28

Antwortstatistiken

HintAntwort% Korrekt
TWYann Sommer
98%
STMarcus Thuram
93%
STAlassane Pléa
86%
VERNico Elvedi
81%
TWTobias Sippel
81%
MITLars Stindl
79%
VERMatthias Ginter
76%
MITChristoph Kramer
74%
VERRamy Bensebaini
74%
MITFlorian Neuhaus
71%
MITJonas Hofmann
71%
MITManu Koné
71%
VERStefan Lainer
71%
VERJoe Scally
69%
VERLuca Netz
69%
STBreel Embolo
67%
STPatrick Hermann
62%
TWJan Olschowsky
57%
VERTony Jantschke
57%
VERMamadou Doucouré
38%
VERMarvin Friedrich
38%
MITConor Noß
26%
MITJulian Weigl
19%
MITLászló Bénes
19%
TWJonas Kersken
17%
STKeanan Bennetts
14%
STMika Schroers
7%
STNathan Ngoumou
0%

Verteilung der Resultate

Perzentil nach korrekt beantworteten Fragen

Anzahl Personen mit jedem Resultat

Ihre Resultats-Entwicklung

Sie haben dieses Quiz seit der letzten Aktualisierung nicht gespielt